ბათუმის შოთა რუსთაველის სახელმწიფო უნივერსიტეტის ბიბლიოთეკა

მასალათმცოდნეობა (ბიბ.ჩანაწერი № 35678)

000 -LEADER
fixed length control field 00618nam a2200205Ia 4500
001 - CONTROL NUMBER
control field 1551
003 - CONTROL NUMBER IDENTIFIER
control field GE_BSU
008 - FIXED-LENGTH DATA ELEMENTS--GENERAL INFORMATION
fixed length control field 181216s||||||||xx |||||||||||||| ||und||
040 ## - CATALOGING SOURCE
Transcribing agency GE_BSU
080 ## - UNIVERSAL DECIMAL CLASSIFICATION NUMBER
Universal Decimal Classification number 620.1(075.8)
100 ## - MAIN ENTRY--PERSONAL NAME
Personal name გიორგაძე,ე
245 ## - TITLE STATEMENT
Title მასალათმცოდნეობა
245 ## - TITLE STATEMENT
Remainder of title უმაღლ. ტექნიკ. სასწ. სტუდ–ს
260 ## - PUBLICATION, DISTRIBUTION, ETC.
Place of publication, distribution, etc. თბილისი
260 ## - PUBLICATION, DISTRIBUTION, ETC.
Name of publisher, distributor, etc. განათლება
260 ## - PUBLICATION, DISTRIBUTION, ETC.
Date of publication, distribution, etc. 1984
300 ## - PHYSICAL DESCRIPTION
Extent 495გვ. 21სმ.
653 ## - INDEX TERM--UNCONTROLLED
Uncontrolled term მასალათმცოდნეობა
942 ## - ADDED ENTRY ELEMENTS (KOHA)
Koha item type წიგნი
ეგზემპლარები
Withdrawn status Lost status Damaged status Not for loan Date acquired Barcode Date last seen Price effective from Koha item type
        2018-12-17 2729 2018-12-17 2018-12-17 წიგნი